Samakalina Bharathiya Kavitha (Record no. 45139)

MARC details
000 -LEADER
fixed length control field 00497nam a2200181Ia 4500
003 - CONTROL NUMBER IDENTIFIER
control field OSt
005 - DATE AND TIME OF LATEST TRANSACTION
control field 20220321104411.0
008 - FIXED-LENGTH DATA ELEMENTS--GENERAL INFORMATION
fixed length control field 211109s9999||||xx |||||||||||||| ||und||
040 ## - CATALOGING SOURCE
Transcribing agency sbcl
082 ## - DEWEY DECIMAL CLASSIFICATION NUMBER
Classification number 894.8121
Item number SAC-S
100 ## - MAIN ENTRY--PERSONAL NAME
Personal name Sachidanandan,
245 #0 - TITLE STATEMENT
Title Samakalina Bharathiya Kavitha
260 ## - PUBLICATION, DISTRIBUTION, ETC.
Name of publisher, distributor, etc. Malayalam Publications
Place of publication, distribution, etc. Calicut
Date of publication, distribution, etc. 1989
300 ## - PHYSICAL DESCRIPTION
Extent 156p
630 ## - SUBJECT ADDED ENTRY--UNIFORM TITLE
General subdivision GENERAL STACK
650 ## - SUBJECT ADDED ENTRY--TOPICAL TERM
Topical term or geographic name entry element Malayalam literature
942 ## - ADDED ENTRY ELEMENTS (KOHA)
Koha item type BOOK
650 ## - SUBJECT ADDED ENTRY--TOPICAL TERM
Form subdivision Malayalam poetry
General subdivision Literature & rhetoricMalayalam
Holdings
Withdrawn status Lost status Damaged status Not for loan Home library Current library Date acquired Cost, normal purchase price Total Checkouts Full call number Barcode Shelving location Date last seen Price effective from Koha item type
        SB LIBRARY SB LIBRARY 09/11/2021 20.00   894.8121 SAC-S 00087098 GENERAL STACK 09/11/2021 09/11/2021 BOOK

Powered by Koha